| 000 | 00364cam a2200145ua 4500 | ||
|---|---|---|---|
| 041 |
_aeng _h |
||
| 082 |
_a828.09 _bWAT/OU |
||
| 100 | _aWatt, Homer A . | ||
| 245 |
_aOutline of Shakespeare`s plays / _cHomer A Watt. _hTextual Documents |
||
| 260 |
_aNew York : _bBarnes & Noble , _c1963. |
||
| 300 | _a ; . | ||
| 504 | _a | ||
| 942 | _cBK | ||
| 999 |
_c12541 _d12541 |
||